Duńska imigracja według państw - Statystyki

Ogólne statystyki
  • Ten quiz został rozwiązany 125 razy
  • Średni wynik to 13 z 20
Statystyki odpowiedzi
Ludzie Państwo % Poprawnych
16 620 Szwecja
98%
34 468 Niemcy
97%
48 473 Polska
95%
17 450 Norwegia
94%
15 038 Chiny
80%
64 172 Turcja
78%
14 462 Ukraina
78%
17 155 Wielka Brytania
78%
15 135 Indie
75%
42 968 Syria
69%
15 134 Litwa
67%
25 949 Pakistan
63%
33 381 Irak
60%
19 488 Afganistan
59%
21 701 Iran
59%
33 591 Rumunia
58%
15 747 Wietnam
48%
27 310 Liban
32%
21 072 Somalia
31%
23 203 Bośnia i Hercegowina
23%
Nie znaleziono quizów pasujących do podanych kryteriów
Rozkład punktacji
Procent ludzi z każdym wynikiem
Percentyl według liczby udzielonych odpowiedzi
Twoja historia wyników
Nie rozwiązałeś tego quizu